000 01143cam a22003374a 4500
999 _c522822
_d522822
001 14363294
003 NUST
005 20190122142237.0
008 060504s2006 pk b 001 0 eng
010 _a 2006330094
020 _a019547001X
020 _a9780195470017
025 _aP-E-2006330094; 05; 27; 29
038 _aTanveer
040 _aDLC
_cDLC
_dDLC
042 _alcode
043 _aa-pk---
050 0 0 _aHC440.5
_b.P3637 2006
082 _a330.95491
_bPAL
100 1 _aPal, Izzud-Din.
_913127
245 0 0 _aIslam and the Economy of Pakistan :
_ba critical analysis of traditional interpretation /
_cIzzud-Din Pal.
260 _aKarachi :
_bOxford University Press,
_c2006.
300 _axv, 159 p. ;
_c23 cm.
504 _aIncludes bibliographical references (p. [143]-153) and index.
650 0 _aIslam
_xEconomic aspects
_zPakistan.
_913128
651 0 _aPakistan
_xEconomic conditions.
_92783
856 4 2 _3Publisher description
_uhttp://www.loc.gov/catdir/enhancements/fy0725/2006330094-d.html
906 _a7
_bcbc
_corigode
_d3
_encip
_f20
_gy-gencatlg
942 _2ddc
_cBK